<?xml version="1.0" encoding="UTF-8"?>
<marc:record xmlns:marc="http://www.loc.gov/MARC21/slim">
   <marc:leader>00000nam a2200000 a 4500</marc:leader>
   <marc:datafield ind1="1" ind2=" " tag="100">
      <marc:subfield code="a">Peer-Englich, Torsten</marc:subfield>
      <marc:subfield code="4">aut</marc:subfield>
      <marc:subfield code="e">Verfasser/-in</marc:subfield>
   </marc:datafield>
   <marc:datafield ind1="0" ind2="0" tag="245">
      <marc:subfield code="a">Lesekreis</marc:subfield>
   </marc:datafield>
   <marc:datafield ind1="0" ind2="0" tag="245">
      <marc:subfield code="c">Torsten Peer-Englich</marc:subfield>
   </marc:datafield>
   <marc:datafield ind1=" " ind2="1" tag="264">
      <marc:subfield code="a">Wien</marc:subfield>
      <marc:subfield code="b">Bibliothek des WIENXTRA-Institut für Freizeitpädagogik</marc:subfield>
      <marc:subfield code="c">2025</marc:subfield>
   </marc:datafield>
   <marc:datafield ind1="1" ind2=" " tag="490">
      <marc:subfield code="a">EA-Kurs 164</marc:subfield>
   </marc:datafield>
   <marc:datafield ind1="1" ind2=" " tag="520">
      <marc:subfield code="a">Die Bibliothek am Institut für Freizeitpädagogik in Wien (IFP) ist einerseits eine Fachbibliothek mit dem Schwerpunkt Freizeitpädagogik und Offene Kinder- und Jugendarbeit, andererseits ist sie aber auch öffentlich und niederschwellig zugänglich: Jede Person ab 18 Jahre kann hier kostenlos Bücher ausleihen. Sie repräsentiert also einerseits einefachspezifische Nutzer*innengruppe: Mitarbeiter*innen der Offenen Kinder und Jugendarbeit in ganz Wien sowie Freizeitpädagog*innen der Nachmittagsbetreuung an den Wiener Volksschulen, befindet sich aber andererseits auch in einem großstädtisch begrenztem Umfeld: Dem achten Wiener Gemeindebezirk. Der Josefstadt. Dies spiegelt sich im Angebot der IFP-Fachbibliothek wieder: Neben Fachliteratur zu Themen wie Spiel-, Medien-und Erlebnispädagogik, Sucht, Sexuelle Bildung, Psychologie, Gewaltprävention, Jugend- bzw. Sozialarbeit gibt es auch allgemeinere Literatur wie pädagogische Ratgeber, Spielesammlungen oder Bücher zur allgemeinen gesellschaftlichen Entwicklung und politischen Bildung. Um beide Seiten zu bedienen und den Personenkreis der allgemeinen Nutzung zu erweitern, wurde das Projekt Lesekreis1 im März 2024 gestartet. Die Idee dahinter: Als niederschwelliger</marc:subfield>
   </marc:datafield>
   <marc:datafield ind1=" " ind2=" " tag="041">
      <marc:subfield code="a">ger</marc:subfield>
   </marc:datafield>
   <marc:datafield ind1=" " ind2=" " tag="300">
      <marc:subfield code="a">14 Seiten, Illustrationen</marc:subfield>
   </marc:datafield>
</marc:record>
